Rodinné podnikanie v SR diplomová práca

Na minha lista:
Detalhes bibliográficos
Autor principal: Mokran, Filip
Autor Corporativo: Národohospodárska fakulta EU. Katedra financií
Outros Autores: Belanová, Katarína, 1978-
Formato: Livro
Idioma:eslovaco
Publicado em: Bratislava 2021
Tags: Adicionar Tag
Sem tags, seja o primeiro a adicionar uma tag!

MARC

LEADER 00000nbm a2200000 4500
001 0274186
005 20220104091838.8
041 0 |a slo 
044 |a SK 
245 1 0 |a Rodinné podnikanie v SR  |b diplomová práca  |c Filip Mokran ; školiteľ: Katarína Belanová 
264 1 |a Bratislava  |c 2021 
300 |a 77 s. 
100 1 |a Mokran, Filip 
700 1 |a Belanová, Katarína, 1978- 
710 2 |a Národohospodárska fakulta EU. Katedra financií